000 00720nam a2200241Ia 4500
003 OSt
005 20220925215728.0
006 a|||||r|||| 00| 0
007 ta
008 220923b |||||||| |||| 00| 0 eng d
020 _a0905347617
037 _cGeneral Book
040 _aRTL
_cRTL
_beng
041 _2eng
_aeng
082 _aD854:(E3), M5
100 _aMcCormick John
_933207
245 0 _aAcid earth
_b The global threat of acid pollution
260 _aLondon
_bInternational Institute for Environment and Development U K
_c1985
300 _a191p. Bib p. 181-86
_ccm.
650 _aComputer Science
942 _hD854:(E3), M5
_cGB
_2CC
999 _c569520
_d569520